000 00313nam a22001457a 4500
003 OSt
020 _a8188458775
040 _c0
082 _222
_a574.5
100 _aDhameja, Suresh K.
245 _aEnvironmental studies /
260 _bNew Delhi
_cc 2011
300 _a406 p, ;
_bNA.
_c24 cm.
942 _2ddc
_cGEN
999 _c4850
_d4850